Simón Bolívar : aquel hombre solar /

محفوظ في:
التفاصيل البيبلوغرافية
المؤلف الرئيسي: Martí, José, 1853-1895
مؤلفون آخرون: Galich, Manuel (prólogo)
التنسيق: غير معروف
اللغة:Spanish
منشور في: La Habana, Cuba : Centro de Estudios Martianos, 1982.
سلاسل:(Colección textos martianos)
الموضوعات:
الوسوم: إضافة وسم
لا توجد وسوم, كن أول من يضع وسما على هذه التسجيلة!

MARC

LEADER 000000000a22000000004500
001 008430
041 0 |a spa 
082 0 4 |a 92   |b B689m 
100 1 |a Martí, José,   |d 1853-1895 
700 1 |a Galich, Manuel,   |e prólogo 
245 1 0 |a Simón Bolívar :   |b aquel hombre solar /   |c José Martí ; Manuel Galich, prólogo. 
260 1 |a La Habana, Cuba :   |b Centro de Estudios Martianos,   |c 1982. 
300 |a 999 páginas 
490 1 |a (Colección textos martianos) 
500 |a La Biblioteca contiene otro ejemplar, con número de inscripción: 462-1 
650 4 |a BOLIVAR, SIMON, (1783-1830) 
999 |c 14005  |d 14005 
942 |c BK  |h 92 B689m  |2 z